| 000 | 01190 a2200229 4500 | ||
|---|---|---|---|
| 020 | _a0471247383 | ||
| 020 | _a9780471247388 | ||
| 082 | 0 | 4 | _a332.64273 |
| 090 |
_c3161 _d3161 |
||
| 100 | 1 | _aBooks, Marketplace. | |
| 245 | 1 | 4 |
_aThe stock market barometer / _cMarketplace Books. |
| 250 | _a1st ed. | ||
| 260 |
_a[S.l.] : _bWiley, _c1998. |
||
| 300 |
_a347 p. ; _c22 cm. |
||
| 490 | 1 | _aA marketplace book. | |
| 500 | _aHardcover. | ||
| 520 | _aA pioneering classic in dow theory. The Dow Theory is consistently on eof the best strategies for understanding and predicting the stock market, and when it is applied as a method of predictable forecast, it is known as the barometer. This finance classic offers tips and trends that William Hamilton observed over the years in the market, offering a view of market behavior that remains perpetually current. Provides an analysis of the stock market and its history since 1897. | ||
| 830 | 2 | _aA marketplace book. | |
| 856 | 4 | 0 |
_3Amazon.com _uhttp://www.amazon.com/exec/obidos/ASIN/0471247383/chopaconline-20 |
| 856 | 4 | 0 |
_3Amazon customer reviews _uhttp://www.chopac.org/cgi-bin/tools/azrev.pl?q=0471247383 |
| 942 |
_aNBS _cBK _k332.64273 HAM |
||
| 999 |
_c345649 _d345649 |
||